000
00327 a2200157 4500
001
62267
020
_a
0582435668
040
_c
Anchieta - Pituba
100
_a
Collins, Anne
240
1
0
_a
British life
_l
Ing
245
1
0
_a
British life
300
_a
44
362
0
_a
2001
650
4
_a
Inglês e inglês antigo
942
_c
BK
999
_c
62267
_d
62267